[Event "World Cup"]
[Site "Khanty-Mansiysk RUS"]
[Date "2007.11.27"]
[Round "2.1"]
[White "Belov,Vl"]
[Black "Jakovenko,D"]
[Result "1/2-1/2"]
[WhiteElo "2587"]
[BlackElo "2710"]

1.d4 Nf6 2.c4 e6 3.g3 d5 4.Bg2 Be7 5.Nf3 O-O 6.Qc2 c5 7.dxc5 Qa5+ 8.Nc3 Qxc5
9.cxd5 Nxd5 10.Bd2 Bf6 11.Rc1 Nxc3 12.Bxc3 Bxc3+ 13.Qxc3 Qxc3+ 14.Rxc3 Nc6
15.Nd2 Bd7 16.Ne4 Rfd8 17.Nc5 Rab8 18.Nxd7 Rxd7 19.Bxc6 bxc6 20.Rc2 a5 21.f3 Rdb7
22.b3 a4 23.Kf2  1/2-1/2

[Event "WYb14"]
[Site "Kemer TUR"]
[Date "2007.11.28"]
[Round "11"]
[White "Pascua,H"]
[Black "Setkauskas,V"]
[Result "0-1"]
[WhiteElo "2177"]
[BlackElo "1926"]

1.d4 Nf6 2.c4 e6 3.g3 d5 4.Bg2 Be7 5.Nf3 O-O 6.O-O c5 7.cxd5 Nxd5 8.Nc3 Nc6
9.e4 Nxc3 10.bxc3 cxd4 11.cxd4 Bf6 12.Be3 b6 13.Rc1 Bb7 14.e5 Be7 15.Nd2 Qd7
16.Qg4 Rfd8 17.Ne4 Kh8 18.Qh5 Kg8 19.Qg4 Kh8 20.Qh5 Kg8 21.Ng5 Bxg5 22.Bxg5 Ne7
23.Bxb7 Qxb7 24.Qg4 Rd5 25.Rc4 b5 26.Rc5 Nf5 27.Rfc1 Rxd4 28.Qe2 Rd7 29.Qxb5 Qxb5
30.Rxb5 Nd4 31.Rb4 Ne2+ 32.Kg2 Nxc1 33.Bxc1 h6 34.Ra4 a5 35.Ba3 Rd5 36.Bd6 Rc8
37.a3 Rc2 38.h4 f6 39.Re4 Rdd2 40.Rf4 Rd5 41.Re4 Kf7 42.Re3 h5 43.Rf3 Ke8
44.Re3 Kd7 45.Re4 Kc6 46.Re3 Rd4 47.Bf8 Rdd2 48.Rf3 fxe5 49.Bxg7 Rd5  0-1

[Event "20th Belgrade Trophy"]
[Site "Belgrade SRB"]
[Date "2007.11.30"]
[Round "9"]
[White "Tadic,B"]
[Black "Chelushkina,I"]
[Result "0-1"]
[WhiteElo "2484"]
[BlackElo "2351"]

1.Nf3 Nf6 2.c4 e6 3.g3 d5 4.d4 Be7 5.Bg2 O-O 6.Qc2 Na6 7.a3 c5 8.cxd5 exd5
9.Nc3 Bg4 10.Be3 Rc8 11.Rd1 c4 12.Ne5 Be6 13.h3 Ne8 14.O-O f6 15.Nf3 Nec7
16.Bf4 b5 17.b4 f5 18.h4 h6 19.Qd2 Kh7 20.Qe3 Bg8 21.Bh3 Rf6 22.Kg2 Qf8 23.Be5 Rb6
24.Rh1 Be6 25.Kf1 Kg8 26.h5 Qf7 27.Bg2 Ne8 28.Bf4 Nf6 29.Ne5 Qe8 30.Ng6 Nc7
31.Bf3 Ne4 32.Bxe4 fxe4 33.g4 Bf7 34.Ne5 Qd8 35.Nxf7 Kxf7 36.Bxc7 Rxc7 37.Nxd5 Qxd5
38.Qf4+ Rf6 39.Qxc7 e3 40.Rh2 Qe4 41.f3 Qxg4 42.Rg2 Qxh5 43.Kg1 Qd5 44.Kh1 g5
45.Rg4 Rxf3 46.Kg1 h5 47.Rg3 Rf2 48.Qxe7+  0-1

[Event "World Cup"]
[Site "Khanty-Mansiysk RUS"]
[Date "2007.11.30"]
[Round "3.1"]
[White "Inarkiev,E"]
[Black "Aronian,L"]
[Result "1/2-1/2"]
[WhiteElo "2674"]
[BlackElo "2741"]

1.d4 d5 2.Nf3 Nf6 3.c4 e6 4.g3 Be7 5.Bg2 O-O 6.O-O dxc4 7.Qc2 a6 8.Qxc4 b5
9.Qc2 Bb7 10.Bd2 Be4 11.Qc1 Bb7 12.Bf4 Bd6 13.Nbd2 Nd5 14.Bxd6 cxd6 15.e4 Ne7
16.Qc3 Nd7 17.a4 bxa4 18.Rxa4 Rc8 19.Qa3 d5 20.exd5 Nxd5 21.Ra1 Nc7 22.Rc4 Nb5
23.Qe3 Rxc4 24.Nxc4 Qa8 25.Na5 Bd5 26.Ne1 Bxg2 27.Nxg2 Rc8 28.Ne1 h6 29.Nb3 Rd8
30.Nd3 Qd5 31.Nb4 Qd6 32.Nxa6 Nf6 33.Ra4 Qd5 34.Nac5 Qh5 35.f3 Nd6 36.Qe2 Qd5
37.Kg2 Rb8 38.Qd3 g5 39.Kf2 g4 40.Ra1 gxf3 41.Qxf3 Nde4+ 42.Kg2 Nxc5 43.Qxd5 Nxd5
44.Nxc5 Rxb2+ 45.Kf3 Nc7 46.h4 Nb5 47.Ra8+ Kg7 48.Rd8 Rc2 49.Ne4 f5 50.Rd7+ Kg6
51.Nf2 Rc3+ 52.Kg2 Nc7 53.Re7 Rc2 54.Kf3 Kf6 55.Rh7 Nb5 56.Ke3 Nc3 57.Nd3 Kg6
58.Rd7 Nd5+ 59.Kf3 Rc3 60.Ke2 Rc7 61.Rxc7 Nxc7 62.Nf4+ Kf6 63.Ke3 Nb5 64.Ne2 Nd6
65.Kf4 Nb5 66.Kf3  1/2-1/2

[Event "Four Nations Jr Teams"]
[Site "Oslo NOR"]
[Date "2007.11.30"]
[Round "1"]
[White "Glud,J"]
[Black "Hammer,J"]
[Result "0-1"]
[WhiteElo "2448"]
[BlackElo "2402"]

1.c4 Nf6 2.g3 e6 3.Bg2 d5 4.d4 Be7 5.Nf3 O-O 6.O-O dxc4 7.Qc2 a6 8.Qxc4 b5
9.Qc2 Bb7 10.Bg5 Nbd7 11.Bxf6 Nxf6 12.Nbd2 Rc8 13.Nb3 c5 14.dxc5 Ne4 15.Ne5 Nxc5
16.Bxb7 Nxb7 17.Qd3 Qc7 18.Qe3 Bf6 19.Nd3 Nd6 20.Rac1 Nc4 21.Qe4 Qb6 22.Rb1 a5
23.Rfd1 Rfd8 24.Nd2 Nxd2 25.Rxd2 Rc4 26.Qf3 e5 27.e4 Rcd4 28.h4 Qd6 29.Rbd1 g6
30.Qe3 Bg7 31.f4 Bh6  0-1

[Event "TCh-AUT 1st Bundesliga 2007-8"]
[Site "Baden AUT"]
[Date "2007.12.01"]
[Round "2"]
[White "Buhmann,R"]
[Black "Manik,M"]
[Result "1/2-1/2"]
[WhiteElo "2567"]
[BlackElo "2420"]

1.Nf3 Nf6 2.c4 e6 3.g3 d5 4.d4 Be7 5.Bg2 O-O 6.Qc2 c5 7.dxc5 Na6 8.O-O Nxc5
9.Nc3 dxc4 10.Rd1 Bd7 11.Ne5 Qe8 12.Bg5 h6 13.Bxf6 Bxf6 14.Nxd7 Nxd7 15.Ne4 Qe7
16.Nxf6+ Nxf6 17.Qxc4 Rac8 18.Qa4 b6  1/2-1/2

[Event "Open"]
[Site "Granada ESP"]
[Date "2007.12.06"]
[Round "2"]
[White "Damljanovic,B"]
[Black "Quillan,G"]
[Result "1-0"]
[WhiteElo "2608"]
[BlackElo "2359"]

1.Nf3 Nf6 2.c4 e6 3.g3 d5 4.d4 Be7 5.Bg2 O-O 6.O-O Nbd7 7.Qc2 c5 8.Rd1 cxd4
9.Nxd4 e5 10.Nf5 d4 11.e3 dxe3 12.Nxe7+ Qxe7 13.Bxe3 Ng4 14.Bc1 Nc5 15.h3 Nf6
16.Be3 Be6 17.b3 Rac8 18.Nc3 b6 19.Rd2 a5 20.Rad1 Rfd8 21.g4 Ne8 22.Ne4 Rxd2
23.Rxd2 f6 24.f4 exf4 25.Bxf4 Bf7 26.Nc3 Bg6 27.Qd1 Ne4 28.Qe1 Qc5+ 29.Be3 Qc6
30.Bf2 N8d6 31.Rxd6 Qxd6 32.Nxe4 Qe6 33.Nc3 Qd6 34.Qe3 Re8 35.Bd5+ Kh8 36.Qxb6 Qf4
37.Qd4 Qg5 38.Bc6  1-0

[Event "Parsvnath ch-Commonwealth"]
[Site "New Delhi IND"]
[Date "2007.12.06"]
[Round "6"]
[White "Laxman,R"]
[Black "Swapnil,SD"]
[Result "1/2-1/2"]
[WhiteElo "2395"]
[BlackElo "2261"]

1.Nf3 Nf6 2.c4 e6 3.g3 d5 4.d4 Be7 5.Bg2 O-O 6.O-O dxc4 7.Qc2 a6 8.Qxc4 b5
9.Qc2 Bb7 10.Bf4 Nc6 11.Rd1 Nb4 12.Qc1 Rc8 13.Nc3 Nbd5 14.Nxd5 Bxd5 15.Bg5 h6
16.Bxf6 Bxf6 17.b4 Bxf3 18.Bxf3 Bxd4 19.Rb1 Qf6 20.Qc6 Bb6 21.Qb7 Rb8 22.Qc6 Rfd8
23.a4 bxa4 24.Qxa4 e5 25.Qc2 g6 26.Kg2 Kg7 27.e3 h5 28.h4 Qe7 29.Qc3 Ba7
30.Rdc1 Rdc8 31.Qa1 Rb6 32.b5 Qf6 33.Be2 a5 34.Qxa5 Bb8 35.Bf3 Rd6 36.Rc6 Rcd8
37.Bd5 Qe7 38.e4 f5 39.Rbc1 f4 40.b6 cxb6 41.Qxb6 Qf6 42.Qb7+ Kh6 43.Qb2 Rf8
44.Qd2 Kh7 45.R6c3 Rd7 46.Qe2 Bd6 47.Qb5 Rdd8 48.Rf3 Qe7 49.Rfc3 Kh6 50.Qe2 Qf6
51.Rd3 Kh7 52.Rc6 fxg3 53.fxg3 Qe7 54.Qe3 Qf6 55.Rd1 Rd7 56.Rc2 Rdd8 57.Rcd2 Kg7
58.Bc4 Be7 59.Bd5 Rc8 60.Ba2 Rc7 61.Bd5 Bc5 62.Qd3 Bd4 63.Rf1 Qxf1+ 64.Qxf1 Rxf1
65.Kxf1 Rc1+ 66.Kg2 Rg1+ 67.Kh2 Rf1 68.Rd3 Rf2+ 69.Kh3 Rb2 70.g4 hxg4+ 71.Kxg4 Rg2+
72.Kf3 Rh2 73.Kg3 Rc2  1/2-1/2

[Event "Bundesliga 2007-8"]
[Site "Kreuzberg GER"]
[Date "2007.12.08"]
[Round "5"]
[White "Maksimenko,A"]
[Black "Lutz,Ch"]
[Result "1-0"]
[WhiteElo "2505"]
[BlackElo "2588"]

1.d4 Nf6 2.c4 e6 3.g3 d5 4.Nf3 Be7 5.Bg2 O-O 6.O-O dxc4 7.Qc2 a6 8.Qxc4 b5
9.Qc2 Bb7 10.Bd2 Ra7 11.Rc1 Be4 12.Qb3 Nc6 13.e3 Qa8 14.Qd1 b4 15.Qf1 Rc8
16.Be1 Bd5 17.Nbd2 Na5 18.Ne5 c5 19.dxc5 Bxc5 20.Nd3 Bf8 21.Bxd5 Nxd5 22.Rxc8 Qxc8
23.Nf3 Nc6 24.Rc1 Rc7 25.Bd2 Nf6 26.Rc4 a5 27.Qc1 Bd6 28.b3 Nd7 29.Qb1 h6
30.e4 Na7 31.Rxc7 Qxc7 32.Nb2 Nb5 33.Nc4 Nc5 34.Qc2 Be7 35.Be3 Nc3 36.Bxc5 Bxc5
37.a4 Qd8 38.Kf1 Ba7 39.Kg2 g5 40.Nfe5 Qc7 41.Qd3 f6 42.Ng4 Kg7 43.e5 f5
44.Nf6 Qc6+ 45.Kg1 Bd4 46.g4 Qc5 47.gxf5 Bxf2+ 48.Kf1 Qd4 49.Qf3 Nd5 50.Nh5+ Kg8
51.fxe6  1-0

[Event "TCh-HUN 2007-8"]
[Site "Budapest HUN"]
[Date "2007.12.09"]
[Round "4"]
[White "Horvath,Cs1"]
[Black "Kiss,At"]
[Result "1-0"]
[WhiteElo "2536"]
[BlackElo "2383"]

1.d4 Nf6 2.Nf3 e6 3.g3 d5 4.Bg2 Be7 5.c4 O-O 6.Qc2 Nbd7 7.O-O c6 8.Nbd2 b6
9.e4 Ba6 10.b3 Rc8 11.Bb2 c5 12.exd5 exd5 13.Qf5 g6 14.Qh3 Re8 15.Rfd1 cxd4
16.Nxd4 Nc5 17.N2f3 Nce4 18.cxd5 Qxd5 19.Nd2 Bc5 20.Nxe4 Nxe4 21.Qh6 Rcd8
22.Bf3 Qg5 23.Qxg5 Nxg5 24.Bc6 Re7 25.b4 Bxb4 26.Nc2 Rxd1+ 27.Rxd1 Re2 28.Nxb4 Rxb2
29.Nxa6 Nh3+ 30.Kg2 Nxf2 31.Rd8+ Kg7 32.Kf3 h5 33.Bd5 Ng4 34.h3 Rf2+ 35.Ke4 Nf6+
36.Ke3 Rh2 37.h4 Nxd5+ 38.Rxd5 Rxa2  1-0

[Event "UTD GM Invitational"]
[Site "Richardson USA"]
[Date "2007.12.11"]
[Round "8"]
[White "Izoria,Z"]
[Black "Zhao Jun"]
[Result "1-0"]
[WhiteElo "2643"]
[BlackElo "2552"]

1.c4 e6 2.Nf3 Nf6 3.g3 d5 4.d4 Be7 5.Bg2 O-O 6.O-O Nbd7 7.Qc2 c6 8.Nbd2 b6
9.e4 dxc4 10.Nxc4 Ba6 11.Rd1 c5 12.d5 exd5 13.exd5 Bxc4 14.Qxc4 Bd6 15.a4 Re8
16.Qc2 Qc7 17.Nd2 Ne5 18.b3 a6 19.Bb2 Rab8 20.Nc4 Nxc4 21.bxc4 Nd7 22.Be4 h6
23.Bh7+ Kh8 24.Bf5 Ne5 25.Qc3 b5 26.axb5 axb5 27.f4 bxc4 28.Re1 f6 29.fxe5 Bxe5
30.Qd2 Bxg3 31.Rxe8+ Rxe8 32.hxg3 Qxg3+ 33.Qg2 Qe3+ 34.Kh1 c3 35.Rg1  1-0

[Event "ch-Central Serbia"]
[Site "Vrnjacka Banja SRB"]
[Date "2007.12.11"]
[Round "3"]
[White "Antic,Dr"]
[Black "Grujicic,Z"]
[Result "1-0"]
[WhiteElo "2158"]
[BlackElo "2044"]

1.d4 Nf6 2.c4 e6 3.Nf3 d5 4.g3 Be7 5.Bg2 c6 6.Qc2 Nbd7 7.O-O O-O 8.Nbd2 Re8
9.e4 dxe4 10.Nxe4 Nxe4 11.Qxe4 Bf6 12.Rd1 Nf8 13.Be3 Bd7 14.Ne5 Ng6 15.Rd2 Qe7
16.Rad1 Red8 17.h4 Be8 18.c5 Qc7 19.Nc4 Ne7 20.Bf4 Qd7 21.Bd6 Nd5 22.Qg4 g6
23.h5 Bg7 24.hxg6 fxg6 25.Re2 Bf7 26.Ne5 Qe8 27.Nxf7 Qxf7 28.Qxe6 Re8 29.Bxd5 cxd5
30.Qxf7+ Kxf7 31.Be5 Bxe5 32.dxe5 Ke6 33.b4 Rac8 34.Red2 Red8 35.f4 h5 36.Kf2 a5
37.a3 axb4 38.axb4 Ra8 39.Rc1 Rdc8 40.b5 Ra4 41.c6 bxc6 42.bxc6 h4 43.c7 hxg3+
44.Kxg3 d4 45.Rc6+ Kd5 46.Rd6+ Ke4 47.e6 Ra3+ 48.Kg4 Rxc7 49.R2xd4+ Ke3 50.R4d5 Kf2
51.Kg5 Re3 52.Re5  1-0

[Event "Bundesliga 2007-8"]
[Site "Baden Baden GER"]
[Date "2007.12.15"]
[Round "3"]
[White "Doettling,F"]
[Black "Schulz,KJ"]
[Result "1-0"]
[WhiteElo "2541"]
[BlackElo "2401"]

1.d4 d5 2.Nf3 Nf6 3.c4 e6 4.g3 Be7 5.Bg2 O-O 6.O-O dxc4 7.Qc2 a6 8.Qxc4 b5
9.Qc2 Bb7 10.Bg5 Nc6 11.Rd1 Rc8 12.a3 Nb8 13.Bxf6 Bxf6 14.Ng5 Bxg5 15.Bxb7 Be7
16.Nc3 c6 17.Bxc8 Qxc8 18.Ne4 a5 19.Nc5 a4 20.Rac1 Rd8 21.e3 h5 22.Nd3 h4
23.Ne5 Rd6 24.Qe2 Qe8 25.Qf3 hxg3 26.hxg3 f6 27.Nd3 Na6 28.Rc2 Qd7 29.Rdc1 Nb8
30.Nb4 e5 31.dxe5 fxe5 32.Nxc6 Nxc6 33.Rxc6 Rd2 34.Rc7  1-0

[Event "7th Amplico AIG Life"]
[Site "Warsaw POL"]
[Date "2007.12.15"]
[Round "1"]
[White "Grabarczyk,M"]
[Black "Puidokaite,K"]
[Result "1-0"]
[WhiteElo "2464"]
[BlackElo "1769"]

1.d4 Nf6 2.c4 e6 3.Nf3 d5 4.g3 Be7 5.Bg2 b6 6.O-O Bb7 7.cxd5 Nxd5 8.Re1 O-O
9.e4 Nf6 10.Nc3 c5 11.d5 exd5 12.exd5 Na6 13.Ne5 Bd6 14.Nc6 Qd7 15.Bg5 Nxd5
16.Qxd5 Nb4 17.Ne7+ Kh8 18.Qxb7 Qxb7 19.Bxb7 Rab8 20.Rad1 Nc2 21.Rxd6 Nxe1
22.Be4 Rbe8 23.Rh6 f5 24.Ng6+ Kg8 25.Bd5+  1-0

[Event "7th Amplico AIG Life"]
[Site "Warsaw POL"]
[Date "2007.12.15"]
[Round "6"]
[White "Wojtaszek,R"]
[Black "Masternak,G"]
[Result "1-0"]
[WhiteElo "2635"]
[BlackElo "2351"]

1.d4 d5 2.Nf3 Nf6 3.c4 e6 4.g3 Be7 5.Bg2 O-O 6.O-O dxc4 7.Nc3 Bd7 8.Ne5 Bc6
9.e4 a6 10.Nxc4 Bb5 11.b3 Nc6 12.Be3 Qd7 13.h3 Rad8 14.Ne2 Qc8 15.Qc1 e5
16.d5 Nb8 17.a4 Bxc4 18.bxc4 c5 19.Qc3 Bd6 20.f4 Nbd7 21.f5 Ne8 22.g4 f6
23.h4 Nc7 24.a5 b5 25.axb6 Nxb6 26.g5 Qd7 27.Ng3 Rb8 28.Qc2 Nc8 29.Kh2 Be7
30.Rg1 Nd6 31.Bf1 Kh8 32.Qe2 Qe8 33.g6 hxg6 34.fxg6 Qxg6 35.Nf5 Qe8 36.Bh3  1-0

[Event "TCh-HUN 2007-8"]
[Site "Budapest HUN"]
[Date "2007.12.16"]
[Round "5"]
[White "Horvath,And"]
[Black "Rudolf,An"]
[Result "1/2-1/2"]
[WhiteElo "2312"]
[BlackElo "2273"]

1.d4 e6 2.Nf3 Nf6 3.g3 d5 4.Bg2 Be7 5.c4 O-O 6.Nbd2 c5 7.cxd5 Nxd5 8.O-O Nc6
9.dxc5 Bxc5 10.a3 a5 11.Qc2 Qe7 12.Ne4 Ba7 13.Bd2 Bd7 14.Neg5 Nf6 15.Bc3  1/2-1/2

[Event "7th Amplico AIG Life"]
[Site "Warsaw POL"]
[Date "2007.12.16"]
[Round "10"]
[White "Truskavetsky,A"]
[Black "Matviychuk,A"]
[Result "1-0"]
[WhiteElo "2398"]
[BlackElo "2190"]

1.d4 d5 2.c4 e6 3.Nf3 Nf6 4.g3 Be7 5.Bg2 O-O 6.O-O c6 7.Qc2 Nbd7 8.b3 b6
9.Nbd2 Ba6 10.Bb2 Rc8 11.e4 dxe4 12.Nxe4 Nxe4 13.Qxe4 Nf6 14.Qc2 Qc7 15.Rfe1 Bb7
16.Ng5 h6 17.Ne4 Nxe4 18.Qxe4 Bf6 19.Rad1 Rfd8 20.Ba1 Ba8 21.Qg4 a5 22.h4 Bb7
23.Kh2 a4 24.b4 a3 25.Qf3 Ra8 26.d5 Bxa1 27.dxc6 Bxc6 28.Qxc6 Qxc6 29.Bxc6 Rxd1
30.Rxd1 Rc8 31.Bd7 Rc7 32.c5 bxc5 33.bxc5 Bb2 34.c6 Kf8 35.Kg2 Ke7 36.f4 e5
37.f5 Ra7 38.Kf3 Bd4 39.Rd3 Kd6 40.Rb3 Kc7 41.Be8 Bb2 42.Rb4 Bc3 43.Rc4 Bb2
44.Bxf7 Kd6 45.Be6 Rc7 46.Bd7 Ra7 47.Kg4 Kc7 48.Kh5 Ra5 49.Kg6 Rb5 50.Re4 Bd4
51.Kxg7 Rb2 52.Be6 h5 53.f6  1-0

[Event "7th Amplico AIG Life"]
[Site "Warsaw POL"]
[Date "2007.12.16"]
[Round "12"]
[White "Adamski,J"]
[Black "Dziuba,M"]
[Result "1/2-1/2"]
[WhiteElo "2341"]
[BlackElo "2538"]

1.Nf3 d5 2.c4 e6 3.g3 Nf6 4.Bg2 Be7 5.d4 O-O 6.Qc2 c6 7.O-O b6 8.Rd1 Ba6
9.b3 Nbd7 10.Nbd2 Rc8 11.e4 c5 12.exd5 exd5 13.Bb2 Re8 14.Rac1 Bf8 15.Qb1 cxd4
16.Nxd4 Ne5 17.N2f3 Nxf3+ 18.Bxf3 dxc4 19.Nc6 Qc7 20.bxc4 Bb7 21.Be5 Rxe5
22.Nxe5 Qxe5 23.Bxb7 Rb8 24.Bf3 Rc8 25.Qd3 h5 26.Qd4 Qa5 27.Qd2 Bb4 28.Qe2 h4
29.Kg2 Re8 30.Qd3 Bc5 31.Rc2 Bf8 32.Bd5 Qc5 33.Qd4 Qc7 34.Qxh4 b5 35.c5 Re5
36.Qf4 Qe7 37.Bf3 Rxc5 38.Rxc5 Qxc5 39.Rc1 Qa3 40.Rc2 a5 41.g4 Nd7 42.Bd5 Nf6
43.Bf3 Nd7 44.Rd2 Nb6 45.Qc7 Qc5 46.Rc2 Qd4 47.Qc3 Qa4 48.Qc7 Qd4 49.Qc3 Qa4
50.h3 g6 51.Re2 b4 52.Qc7 Qb5 53.Re5  1/2-1/2

[Event "7th Amplico AIG Life"]
[Site "Warsaw POL"]
[Date "2007.12.16"]
[Round "12"]
[White "Nedilko,V"]
[Black "Matviychuk,A"]
[Result "0-1"]
[WhiteElo "2400"]
[BlackElo "2190"]

1.d4 d5 2.c4 e6 3.Nf3 Nf6 4.g3 Be7 5.Bg2 c6 6.O-O O-O 7.b3 Nbd7 8.Bb2 b6
9.Nbd2 Ba6 10.Re1 Rc8 11.e4 dxe4 12.Nxe4 Nxe4 13.Rxe4 Nf6 14.Re2 Qc7 15.Qc2 Rfd8
16.Rd1 Bb7 17.Red2 h6 18.c5 Nd5 19.h4 Bf6 20.a3 Ra8 21.cxb6 axb6 22.a4 Ba6
23.Qe4 b5 24.a5 Qxa5 25.Ne5 Bb7 26.Qc2 Qb6 27.h5 Ra2 28.Qc5 Qxc5 29.dxc5 Rxb2  0-1

[Event "7th Amplico AIG Life"]
[Site "Warsaw POL"]
[Date "2007.12.16"]
[Round "12"]
[White "Truskavetsky,A"]
[Black "Kravtsiv,M"]
[Result "1-0"]
[WhiteElo "2398"]
[BlackElo "2498"]

1.d4 d5 2.c4 e6 3.Nf3 Nf6 4.g3 Be7 5.Bg2 O-O 6.O-O dxc4 7.Qc2 a6 8.a4 Bd7
9.Ne5 Bc6 10.Nxc6 Nxc6 11.e3 Nd5 12.Qxc4 a5 13.Nc3 Ncb4 14.Qe2 c6 15.e4 Nc7
16.Be3 Qd7 17.Rad1 Rfd8 18.Kh1 Qe8 19.f4 Rac8 20.Bh3 Bf8 21.f5 c5 22.fxe6 fxe6
23.dxc5 Rxd1 24.Rxd1 Nca6 25.Nb5 Nxc5 26.Nd6 Bxd6 27.Rxd6 Nba6 28.Bd4 Rd8
29.Qg4 g6 30.Qf4 Rxd6 31.Qxd6 Qc6 32.Qd8+ Kf7 33.Qf6+ Ke8 34.Qh8+ Kd7 35.Qxh7+ Kd6
36.Qxg6 Qxa4 37.e5+ Kd5 38.Bg1 Qe4+ 39.Bg2  1-0

[Event "VI Memorial Pereyra"]
[Site "Mendoza ARG"]
[Date "2007.12.20"]
[Round "7"]
[White "Soppe,G"]
[Black "Cejas,J"]
[Result "1/2-1/2"]
[WhiteElo "2421"]
[BlackElo "2322"]

1.Nf3 Nf6 2.c4 e6 3.g3 d5 4.d4 Be7 5.Bg2 O-O 6.O-O Nbd7 7.Qc2 c6 8.Nbd2 b6
9.e4 dxe4 10.Nxe4 Nxe4 11.Qxe4 Bb7 12.Rd1 Qc7 13.Bf4 Bd6 14.Bxd6 Qxd6 15.c5 Qe7
16.b4 a5 17.a3 Nf6 18.Qe1 b5 19.bxa5 Qc7 20.Ne5 Rfc8 21.a4 Nd5 22.Bxd5 exd5
23.axb5 cxb5 24.Rdc1 Ra6 25.c6 Bxc6 26.Rc5 f6 27.Nxc6 Rxc6 28.Rxb5 Qd7 29.a6 Ra8
30.Rb7 Rcxa6 31.Rxa6 Qxb7 32.Qe6+ Kf8 33.Qd6+ Ke8 34.Rb6 Qd7 35.Qxd7+ Kxd7
36.Rb7+ Ke6 37.Rxg7 Ra4 38.Rg4 h5 39.Rh4 Kf7 40.Rxh5 Rxd4 41.Kf1 Kg6 42.Rh8 f5
43.Rd8 f4 44.Ke2  1/2-1/2

[Event "Harmonie Open A"]
[Site "Groningen NED"]
[Date "2007.12.26"]
[Round "5"]
[White "Rotstein,A"]
[Black "Skatchkov,P"]
[Result "1-0"]
[WhiteElo "2534"]
[BlackElo "2509"]

1.c4 Nf6 2.Nf3 e6 3.g3 d5 4.d4 Be7 5.Bg2 O-O 6.O-O dxc4 7.Qc2 a6 8.Qxc4 b5
9.Qc2 Bb7 10.Bd2 Nc6 11.e3 Nb4 12.Bxb4 Bxb4 13.a3 Be7 14.Nbd2 a5 15.Rac1 Rc8
16.Nb3 Be4 17.Qd1 c6 18.Re1 a4 19.Nc5 Bxc5 20.Rxc5 Nd7 21.Rc3 c5 22.dxc5 Rxc5
23.Rxc5 Nxc5 24.Qxd8 Rxd8 25.Nd4 Nd3 26.Re2 Nc1 27.Re1 Nd3 28.Ra1 Bxg2 29.Kxg2 g6
30.Rb1 Rd5 31.b3 e5 32.Ne2 Rc5 33.bxa4 bxa4 34.Rb8+ Kg7 35.Rd8 Ne1+ 36.Kf1 Nc2
37.Rd3 Rb5 38.Rc3 Rb1+ 39.Kg2 Ne1+ 40.Kf1 Nf3+ 41.Kg2 e4 42.Rc1 Rb3 43.Rc4 Rb2
44.Nf4 f5 45.g4 Rb1 46.Ne2 fxg4 47.Kg3 h5 48.Kf4 Nxh2 49.Ng3 Nf3 50.Nxe4 Rd1  1-0

[Event "60th ch-RUS Superfinal"]
[Site "Moscow RUS"]
[Date "2007.12.27"]
[Round "8"]
[White "Inarkiev,E"]
[Black "Jakovenko,D"]
[Result "1/2-1/2"]
[WhiteElo "2674"]
[BlackElo "2710"]

1.d4 d5 2.Nf3 Nf6 3.c4 e6 4.g3 Be7 5.Bg2 O-O 6.O-O dxc4 7.Qc2 a6 8.a4 Bd7
9.Qxc4 Bc6 10.Nc3 b5 11.Qd3 b4 12.Nb1 Be4 13.Qe3 c5 14.Nbd2 Bd5 15.Qf4 cxd4
16.Nxd4 Bxg2 17.Kxg2 Qd5+ 18.Qf3 Rc8 19.Qxd5 Nxd5 20.e4 Nb6 21.b3 Nc6 22.Bb2 Na5
23.f4 Rc7 24.Rac1 Rac8 25.Rxc7 Rxc7 26.Rc1 Rxc1 27.Bxc1 Nd7 28.Nc2 Nc5 29.Nxb4 Naxb3
30.Nxb3 Nxb3 31.Nc6 Nxc1 32.Nxe7+ Kf8 33.Nc6 Nb3 34.Kf3 a5 35.Ke3 Nc5 36.Nxa5 Nxa4  1/2-1/2

[Event "Premier"]
[Site "Hastings ENG"]
[Date "2007.12.31"]
[Round "4"]
[White "Snape,I"]
[Black "Cumming,R"]
[Result "1-0"]
[WhiteElo "2229"]
[BlackElo "1845"]

1.c4 e6 2.g3 Nf6 3.Bg2 d5 4.Nf3 Be7 5.d4 O-O 6.Qc2 c6 7.O-O Nbd7 8.Nbd2 b6
9.e4 Bb7 10.Ne5 c5 11.Nxd7 Qxd7 12.e5 Ne8 13.dxc5 Bxc5 14.Nf3 Rc8 15.Ng5 g6
16.cxd5 Bxd5 17.Qd3 Bc6 18.Qxd7 Bxd7 19.Rd1 Bb5 20.Ne4 Be7 21.Bh6 Ng7 22.a4 Bc4
23.Rd7 Bc5 24.Rc1 Bb3 25.Rxa7 Bd4 26.Nf6+ Kh8 27.Rxc8  1-0

[Event "5th TCh-Asia w"]
[Site "Visakhpatnam IND"]
[Date "2008.01.03"]
[Round "1"]
[White "Le Thanh Tu"]
[Black "Hamrakulova,Y"]
[Result "1-0"]
[WhiteElo "2336"]
[BlackElo "2210"]

1.d4 Nf6 2.c4 e6 3.g3 d5 4.Nf3 Be7 5.Bg2 O-O 6.O-O dxc4 7.Ne5 c5 8.dxc5 Bxc5
9.Nc3 Qe7 10.Bg5 Rd8 11.Qc2 Bd4 12.Nxc4 h6 13.Bxf6 Bxf6 14.Rad1 Rxd1 15.Rxd1 Nc6
16.Ne4 Bd7 17.Nxf6+ gxf6 18.Qd2 Be8 19.Qxh6 Rd8 20.Rxd8 Qxd8 21.Qd2 Qxd2
22.Nxd2 Kf8 23.Bxc6 Bxc6 24.e4 Kg7 25.f3 Kg6 26.Nc4 b6 27.Kf2 Kg7 28.Ke3 Bd7
29.b3 Kg6 30.Kd4 Bc6 31.Nd6 Bd7 32.Kc4 Kg7 33.Nb5 a5 34.a4 Kf8 35.f4 Ke7
36.Kd4 Bxb5 37.axb5 Kf8 38.g4 Kg7 39.e5  1-0

[Event "37th Rilton Cup"]
[Site "Stockholm SWE"]
[Date "2008.01.04"]
[Round "8"]
[White "Nyback,T"]
[Black "Berczes,C"]
[Result "1-0"]
[WhiteElo "2565"]
[BlackElo "2419"]

1.Nf3 Nf6 2.c4 e6 3.g3 d5 4.d4 Be7 5.Bg2 O-O 6.O-O b6 7.cxd5 Nxd5 8.e4 Nf6
9.Nc3 Bb7 10.Re1 c5 11.d5 exd5 12.exd5 Re8 13.Ne5 Bd6 14.Nc4 Bf8 15.Bf4 a6
16.Rxe8 Nxe8 17.a4 Nd7 18.h4 Ra7 19.Qb3 Ba8 20.Rd1 Rb7 21.d6 Rb8 22.Bxa8 Rxa8
23.Nd5 Nef6 24.Ndxb6 Rb8 25.a5 Nxb6 26.axb6 Rb7 27.Qf3 Qc8 28.Ne5 Nd7 29.Nxd7 Rxd7
30.b7 Rxb7 31.Qxb7  1-0

[Event "Premier"]
[Site "Hastings ENG"]
[Date "2008.01.05"]
[Round "9"]
[White "Henrichsen,J"]
[Black "Conde Chijeb,M"]
[Result "1/2-1/2"]
[WhiteElo "1992"]
[BlackElo "1791"]

1.d4 d5 2.Nf3 e6 3.c4 Nf6 4.g3 Be7 5.Bg2 O-O 6.O-O c5 7.cxd5 Nxd5 8.e4 Nf6
9.Nc3 cxd4 10.Nxd4 Qb6 11.Be3 Qxb2 12.Ndb5 Rd8 13.Qa4 Bd7 14.Rab1 Qxc3 15.Nxc3 Bxa4
16.Nxa4 b6 17.Nc3 Na6 18.e5 Nd5 19.Nxd5 exd5 20.Rfd1 Nb4 21.Rd2 Rac8 22.Rbd1 Nc2
23.Bxd5 Nxe3 24.fxe3 Kf8 25.Rf1 f6 26.exf6 gxf6 27.Kg2  1/2-1/2

[Event "ch-AUS"]
[Site "Parramatta AUS"]
[Date "2008.01.05"]
[Round "6"]
[White "Antic,De"]
[Black "Van Riemsdijk,H"]
[Result "0-1"]
[WhiteElo "2480"]
[BlackElo "2391"]

1.d4 Nf6 2.c4 e6 3.Nf3 d5 4.g3 Be7 5.Bg2 O-O 6.O-O dxc4 7.Nc3 Nc6 8.e4 Rb8
9.Bf4 b5 10.Qe2 b4 11.Na4 Ba6 12.Rfd1 Bb5 13.Qc2 Nxe4 14.Ne5 Nxe5 15.dxe5 Qe8
16.Bxe4 Bxa4 17.b3 Bc6 18.Bxh7+ Kh8 19.Be4 Bxe4 20.Qxe4 c3 21.Rd4 c5 22.Rc4 Rd8
23.h4 Rd5 24.Kg2 Qd7 25.Be3 Qc7 26.f4 Qd7 27.Kh3 Rd8 28.a3 a5 29.axb4 cxb4
30.h5 Rc8 31.Bb6 Bd8 32.Bxd8 Qxd8 33.Rxc8 Qxc8 34.f5 Qd8 35.fxe6 fxe6 36.Rf1 Qe8
37.g4 Rd8 38.h6 Qd7 39.Kh4 gxh6 40.Rf6 Qd2  0-1

[Event "2nd ACP World Rapid Cup"]
[Site "Odessa UKR"]
[Date "2008.01.06"]
[Round "2.2"]
[White "Inarkiev,E"]
[Black "Jakovenko,D"]
[Result "1/2-1/2"]
[WhiteElo "2681"]
[BlackElo "2720"]

1.d4 d5 2.Nf3 Nf6 3.c4 e6 4.g3 Be7 5.Bg2 O-O 6.O-O dxc4 7.Qc2 a6 8.a4 Bd7
9.Qxc4 Bc6 10.Bf4 a5 11.Nc3 Na6 12.Rae1 Bd5 13.Nxd5 exd5 14.Qb5 Rb8 15.Qxa5 Bb4
16.Qb5 c6 17.Qd3 Bxe1 18.Nxe1 Ra8 19.Qb3 b5 20.axb5 Qb6 21.Nd3 Qxb5 22.Qxb5 cxb5
23.Be5 Rfd8 24.Rc1 Ne4 25.Bh3 Ng5 26.Bg4 Ne6 27.Rc6 Nb8 28.Rb6 Nd7 29.Rb7 Nxe5
30.Nxe5 Nxd4 31.Nxf7 Rf8 32.Nd6 Rab8 33.Re7 Rb6 34.Ne8 Rf7 35.Re5 Rf8 36.Nc7 Rd6
37.Nxd5 Nc6 38.Re3 h5 39.Be6+ Kh7 40.Nf4 Nd4 41.Ba2 b4 42.h4 Nf5 43.Re5 g6
44.Bd5 Nxh4 45.Be4 Nf5 46.Nxh5 Rd2 47.Nf4 Rxb2 48.g4 Nh4 49.e3 b3 50.g5 Rxf4
51.exf4 Rd2 52.Re7+ Kh8 53.Rb7 b2 54.Kh2 Rxf2+ 55.Kg3 Re2 56.Rb8+ Kg7 57.Rb7+ Kh8
58.Bd3 Re3+ 59.Kxh4 Rxd3 60.Rxb2 Rd4 61.Kg4 Kg7 62.Rb7+ Kg8 63.Kf3 Ra4 64.Rd7 Rb4
65.Ke3 Ra4 66.Rd4 Ra1 67.Rd7 Ra4 68.Rc7 Rb4 69.Ra7 Rc4 70.Rd7 Ra4 71.Rd4 Ra1
72.Rd8+ Kf7 73.Rd7+ Ke6 74.Rg7 Kf5 75.Rf7+ Kg4 76.Rf6 Ra4 77.Rf7 Rb4 78.Rf8 Ra4
79.Rf6 Rb4 80.Rxg6 Rxf4 81.Rg8 Ra4 82.g6 Kg5 83.g7 Kg6 84.Rb8 Kxg7 85.Rb7+  1/2-1/2

[Event "ch-Reykjavik"]
[Site "Reykjavik ISL"]
[Date "2008.01.06"]
[Round "1"]
[White "Edvardsson,K"]
[Black "Leifsson,T"]
[Result "1-0"]
[WhiteElo "2261"]
[BlackElo "1825"]

1.Nf3 d5 2.c4 e6 3.g3 Nf6 4.Bg2 Be7 5.d4 O-O 6.O-O c6 7.Qc2 b6 8.b3 Bb7 9.Rd1 Na6
10.Nc3 Rc8 11.e4 dxe4 12.Nxe4 h6 13.Ne5 Qe8 14.a3 Ba8 15.b4 Nd7 16.c5 Nc7
17.Nc4 Qd8 18.Bf4 Nd5 19.Bd6 Bxd6 20.Ncxd6 Rc7 21.Re1 N7f6 22.Nc3 Ne8 23.Nxd5 cxd5
24.Nb5 Re7 25.a4 a6 26.Nc3 Nf6 27.Qd3 Ra7 28.b5 Bb7 29.c6 Bc8 30.Reb1 a5
31.Ne2 Ne8 32.Rc1 Qc7 33.f4 Nd6 34.Nc3 Qe7 35.Re1 Qf6 36.Ra2 Qe7 37.Nxd5  1-0

[Event "ch-BLR"]
[Site "Minsk BLR"]
[Date "2008.01.10"]
[Round "1"]
[White "Stupak,K"]
[Black "Azarov,S"]
[Result "1/2-1/2"]
[WhiteElo "2412"]
[BlackElo "2594"]

1.d4 Nf6 2.g3 e6 3.Bg2 d5 4.c4 Be7 5.Nf3 O-O 6.O-O c6 7.Nc3 Nbd7 8.Nd2 a5
9.b3 b6 10.e4 Bb7 11.Bb2 dxc4 12.Nxc4 b5 13.Ne3 Nb6 14.e5 Nfd5 15.Ncxd5 Nxd5
16.Qd2 Qb6 17.a3 Rfd8  1/2-1/2